Television Quiz

Random Television or Art Quiz

Modernist TV Posters Quiz Stats

Quiz Updated Sep 23, 2015

Also try: TV Show by Poster
Challenge
Share
Tweet
Score 0/25 Timer 07:00
0 Plays Today
Number TV Show % Correct
Sex and the City
64.3%
Mad Men
60.4%
Twin Peaks
57.6%
Weeds
52.6%
The Simpsons
44%
Home Improvement
41.6%
Prison Break
36.9%
Star Trek
32.3%
Lost
31.7%
Knight Rider
27.9%
Kojak
27%
The Sopranos
24.3%
The West Wing
22.1%
Number TV Show % Correct
True Blood
20.5%
Battlestar Galactica
15.9%
Six Feet Under
15.1%
Dallas
15%
Heroes
14.8%
The Wire
14.4%
Charlie's Angels
12.2%
Miami Vice
10.7%
Deadwood
9.3%
Stargate SG-1
7.7%
Scrubs
6.5%
Magnum, P.I.
5.6%

You're not logged in!

Compare scores with friends on all Sporcle quizzes.
Sign Up with Email
OR
Log In

You Might Also Like...

Show Comments

Extras

Top Quizzes Today


Score Distribution

Your Account Isn't Verified!

In order to create a playlist on Sporcle, you need to verify the email address you used during registration. Go to your Sporcle Settings to finish the process.